| 000 | 00563nam a2200205Ia 4500 | ||
|---|---|---|---|
| 003 | GCL | ||
| 008 | 140319s9999 xx 000 0 eng d | ||
| 040 |
_aGCL / _cGCL |
||
| 082 | 0 | 4 |
_a510.03 _bB D |
| 100 | 1 | _aBOROWSKI, E.J. | |
| 245 | 1 | 0 |
_aDICTIONARY OF MATHEMATICS : ENGLISH - FRENCH - ARABIC / _cBOROWSKI, E.J. |
| 700 | 1 | _aBORWEIN, J.M | |
| 700 | 1 | _aAL-ASHHAR, ALI M. BEN. | |
| 260 |
_a[S.N] : _bACADEMIC PRESS LIMITED. |
||
| 300 | _a726 P | ||
| 650 | 0 | 4 | _aMATHEMATICAL DICTIONARIES |
| 650 | 0 | 4 | _aDICTIONARIES |
| 650 | 0 | 4 | _aMATHEMATICS |
| 942 |
_2ddc _cBK |
||
| 999 |
_c13089 _d13089 |
||